Zmluva o obstaraní zájazdu diplomová práca

Na minha lista:
Detalhes bibliográficos
Autor principal: Mikláš, Maroš
Autor Corporativo: Obchodná fakulta EU. Katedra obchodného práva
Outros Autores: Slezáková, Andrea, 1980-
Formato: Livro
Idioma:eslovaco
Publicado em: Bratislava 2018
Tags: Adicionar Tag
Sem tags, seja o primeiro a adicionar uma tag!

MARC

LEADER 00000nbm a2200000 4500
001 0243421
005 20180730095034.8
041 0 |a slo 
044 |a SK 
245 1 0 |a Zmluva o obstaraní zájazdu  |b diplomová práca  |c Maroš Mikláš ; školiteľ: Andrea Slezáková 
264 1 |a Bratislava  |c 2018 
300 |a 76 s. 
100 1 |a Mikláš, Maroš 
700 1 |a Slezáková, Andrea, 1980- 
710 2 |a Obchodná fakulta EU. Katedra obchodného práva